<?xml version="1.0" encoding="UTF-8"?>
<marc:record xmlns:marc="http://www.loc.gov/MARC21/slim">
   <marc:leader>00000nam a2200000 a 4500</marc:leader>
   <marc:datafield ind1="1" ind2=" " tag="100">
      <marc:subfield code="a">Webster, Jean</marc:subfield>
      <marc:subfield code="4">aut</marc:subfield>
      <marc:subfield code="e">Verfasser/-in</marc:subfield>
   </marc:datafield>
   <marc:datafield ind1="1" ind2=" " tag="100">
      <marc:subfield code="a">Herzke, Ingo</marc:subfield>
      <marc:subfield code="4">trl</marc:subfield>
      <marc:subfield code="e">Übersetzer/-in</marc:subfield>
   </marc:datafield>
   <marc:datafield ind1="0" ind2="0" tag="245">
      <marc:subfield code="a">Lieber Daddy Long Legs</marc:subfield>
   </marc:datafield>
   <marc:datafield ind1="0" ind2="0" tag="245">
      <marc:subfield code="c">Jean Webster ; aus dem Englischen von Ingo Herzke</marc:subfield>
   </marc:datafield>
   <marc:datafield ind1=" " ind2="1" tag="264">
      <marc:subfield code="a">Hamburg</marc:subfield>
      <marc:subfield code="b">Königskinder Verlag in der Carlsen Verlag GmbH</marc:subfield>
      <marc:subfield code="c">2017</marc:subfield>
   </marc:datafield>
   <marc:datafield ind1="1" ind2=" " tag="520">
      <marc:subfield code="a">Angaben aus der Verlagsmeldung

Lieber Daddy-Long-Legs / von Jean Webster

Fast 18 Jahre hat Judy Abbott im Waisenhaus gelebt. Wegen ihrer literarischen Begabung wird sie nun von einem geheimnisvollen Wohltäter aufs College geschickt. Der Mann möchte namenlos bleiben, Judy soll ihm aber jeden Monat einen Brief über ihre Fortschritte schreiben. Voller Begeisterung stürzt sich Judy in dieses unbekannte Leben. Mehr als einmal im Monat schreibt sie „Mr Smith“, denn sie hat ja sonst niemanden auf der Welt, mit dem sie ihre Erlebnisse teilen kann. Briefe voller Witz, über Hüte und Literatur, über neue Freundschaften und immer öfter auch über den sympathischen Jervis Pendleton.
</marc:subfield>
   </marc:datafield>
   <marc:datafield ind1=" " ind2=" " tag="020">
      <marc:subfield code="a">9783551560445</marc:subfield>
      <marc:subfield code="9">9783551560445</marc:subfield>
   </marc:datafield>
   <marc:datafield ind1=" " ind2=" " tag="020">
      <marc:subfield code="a">3551560447</marc:subfield>
      <marc:subfield code="9">3551560447</marc:subfield>
   </marc:datafield>
   <marc:datafield ind1=" " ind2=" " tag="300">
      <marc:subfield code="a">253 Seiten</marc:subfield>
   </marc:datafield>
</marc:record>
